| 000 | 00816nam a2200217Ia 4500 | ||
|---|---|---|---|
| 003 | GCL | ||
| 008 | 140319s9999 xx 000 0 ara d | ||
| 040 |
_aGCL / _cGCL |
||
| 082 | 0 | 4 |
_aد _b050 |
| 100 | 1 | _aديكنسون، جون | |
| 245 | 1 | 0 |
_aالعلم والمشتغلون بالبحث العلمة فى المجتمع الحديث (عالم المعرفة 112) / _cديكنسون، جون |
| 700 | 1 | _aشعبة الترجمة باليونسكو | |
| 260 |
_aالكويت : _bالمجلس الوطنى للثقافة والفنون والاداب |
||
| 300 |
_a360 ص ؛ _c20 سم |
||
| 490 |
_aعالم المعرفة _v112 |
||
| 650 | 0 | 4 | _aالعصر الحديث |
| 650 | 0 | 4 | _aالبحث |
| 650 | 0 | 4 | _aالبحث العلمى |
| 650 | 0 | 4 | _aالبحث العلمى - طرق البحث |
| 942 |
_2ddc _cBK |
||
| 999 |
_c50425 _d50425 |
||